000 00555nam a2200193 4500
001 108457
003 ES-MaACL
007 t|
008 061121s1982 sp r ||||1| spa d
100 1 _aMonedero Gil, Carmelo.
_982159
245 1 0 _aPsicología evolutiva /
_cCarmelo Monedero Gil.
250 _a1ª. ed.
260 _aBarcelona :
_bLabor,
_c1982.
300 _a444 p. ;
_c22 cm.
490 1 _aLabor universitaria
830 0 0 _aColección Labor universitaria
_9178634
852 _aES-MaACL
_jL-4455
_bR.105022
999 _c108457
_d108457